000 00675nam a22001817a 4500
003 JO-AjAnu
005 20250309095831.0
008 250304b jo ||||| |||| 00| 0 ara d
020 _a978-9957-8788-0-1
040 _bARA
_cJO-AjAnu
041 _hARA
100 _aالشريدة، محمود حسين
_eمعد
_933604
245 _aشخصيات عجلونية وأثرها في المسيرة الأردنية
_c/ اعداد محمود حسين الشريدة
260 _aالأردن-إربد :
_bدار الكتاب الثقافي،
_c2017
300 _a250 صفحه
650 _vالعشائر الأردنية-تراجم-عجلون-تراجم
942 _2lcc
_cBK
_n0
999 _c33868
_d33868